000 00584nam a2200193Ia 4500
005 20260120124500.0
008 008 260114s9999 xx 000 0 eng d
020 _a9781787691124
037 _aEBOOK
040 _aCRL
_beng
_cCRL
041 _aeng
_2eng
084 _qCRL
245 4 _aThe Work-Family Interface: Spillover, Complications, and Challenges
260 _bEmerald Publishing
_c2018
700 _aSampson Lee Blair
_9906950
856 _uhttps://www.emerald.com/insight/publication/doi/10.1108/S1530-3535201813
942 _cEBOOK
999 _c1498635
_d1498635